000 00353pab a2200145 454500
008 180718b1984 xxu||||| |||| 00| 0 eng d
100 _aVerma, Ravindra Kumar
245 _aBihar
_bBasic issues in irrigation
260 _c1984
300 _a15-16
362 _a3 Mar.
650 _aIrrigation - India - Bihar
773 _aMainstream
909 _a11422
999 _c11422
_d11422